000 00348nam a2200145Ia 4500
008 230312s9999||||xx |||||||||||||| ||und||
082 _a005.13
_bALI-C
100 _aShafqat ali
245 0 _aC, C + + Mukammal Guide
260 _bJahangir Book deput.
_aLahore
_c2002
300 _a891
546 _aUrdu
650 _aComputer
_vguide
942 _cBK
999 _c3130
_d3130